书目信息 |
| 题名: |
小时候就在想的事
|
|
| 作者: | 黑柳彻子 著 | |
| 分册: | ||
| 出版信息: | 海口 南海出版公司 2004.08 |
|
| 页数: | 227页 | |
| 开本: | 20cm | |
| 丛书名: | ||
| 单 册: | ||
| 中图分类: | I313.84 | |
| 科图分类: | ||
| 主题词: | 文学 | |
| 电子资源: | ||
| ISBN: | 7-5442-2916-5 | |
| 000 | 00572nam0 2200193 450 | |
| 001 | 2636197411 | |
| 005 | 20260414100459.38 | |
| 010 | @a7-5442-2916-5@dCNY20.00 | |
| 100 | @a20260414d2004 km y0chiy0120 ea | |
| 101 | 0 | @achi |
| 102 | @aCN | |
| 200 | 1 | @a小时候就在想的事@AXiao Shi Hou Jiu Zai Xiang De Shi@f黑柳彻子著@FHei Liu Che Zi Zhu |
| 210 | @a海口@c南海出版公司@d2004.08 | |
| 215 | @a227页@d20cm | |
| 606 | 0 | @a文学 |
| 690 | @aI313.84@v4 | |
| 701 | 0 | @a黑柳彻子@AHei Liu Che Zi@4著 |
| 801 | 0 | @aCN@b大连网信软件有限公司图书馆·11@c20260414 |
| 905 | @aZUCC@dI313.84@e920 | |
| 小时候就在想的事/黑柳彻子著.-海口:南海出版公司,2004.08 |
| 227页;20cm |
| ISBN 7-5442-2916-5:CNY20.00 |
| ● |
| 相关链接 |
|
|
|
|
正题名:小时候就在想的事
索取号:I313.84/920
 
预约/预借
| 序号 | 登录号 | 条形码 | 馆藏地/架位号 | 状态 | 备注 |
| 1 | 1442631 | 214426316 | 第一样本阅览室/ [索取号:I313.84/920] | 在馆 |